000 00312nam a22001457a 4500
008 230516b ||||| |||| 00| 0 eng d
020 _a0415231000
041 _aeng
080 _a159.9
082 _a159.9MAN
100 _a25
101 _aPSI
245 _aEXPLORING BORDERS
_cMANTOVANI G
942 _2udc
_cBK
999 _c59747
_d59747